000 00392nam a2200145Ia 4500
008 230917s9999||||xx |||||||||||||| ||und||
040 _e255777
_aMAIN
041 _aEnglish
082 _a620.5 D137O
100 _aRajan
245 0 _aOptimization of flexible job shop scheduling problem using hybrid metaheuristics: A case study
260 _c2018
300 _axix, 120 p.
942 _cTH
999 _c128432
_d128432